| 000 | 00457 a2200169 4500 | ||
|---|---|---|---|
| 005 | 20250621070529.0 | ||
| 020 | _a1-4058-0711-3 | ||
| 082 | _aLM 346.420 ELL | ||
| 100 | _aELLIOTT, C. | ||
| 245 | _aTort Law | ||
| 250 | _a5th Ed. | ||
| 260 |
_aHarlow, _bPearson & Longman, _c2005. |
||
| 300 |
_axxviii, 384p. _bGlossary, index. _c25cm. |
||
| 700 | _aQUINN, F. | ||
| 856 |
_yAccess Books Online _fTort Law _dwww.pearsoned.co.uk/elliottquinn |
||
| 942 |
_2ddc _cBKS |
||
| 999 |
_c2849 _d2849 |
||